02094nam a2200361 i 4500003000900000005001700009008004100026017001400067040004600081041000800127082003100135092000700166099004600173100005600219245024500275250003000520264006800550300008100618336002200699337002400721338003300745504010800778546009600886650009200982651001001074856005701084905000701141942001901148999001701167952018301184952018301367952018201550EG-GICUC20260121101532.0251222m20041425ua ||||fr|||| 00| 0 ara d a200410285 a EG-GICUCbarac EG-GICUCd EG-GICUCerda0 aara04221a345.452044bم ح . م04221 aLaw1 07 345.452044 م ح . م 1 ed - 20040 aمحمود عبدالمنعم فايزeمؤلف.12aالمسئولية التأديبية لضباط الشرطة :bدراسة مقارنة بين قوانين الشرطة والعاملين المدنيين في كل من مصر وفرنسا /cمحمود عبد المنعم فايز. aالطبعة الاولى 1aالقاهرة :b[اسم الناشر غير محدد],c2004. a1130 ؛ صفحةc24 سم.bإيضاحيات، صور، مثيليات ؛  2rda contentatext 2rda mediaaComputer 2rda carrieraOnline Resource aيحتوي على ارجاعات ببليوجرافية يحتوي على قائمة بالمراجع aالنص أغلبه باللغة العربية مع بعض النصوص الفرنسية14aتأديب رجال الشرطةxالقانون الإداريzفرنساzمصر1 2qrmak40uhttps://fll.law.cu.edu.eg/fulltext/bks/B07-01548.pdf a75 2ddccBKe21n0 c52172d52172 00102ddc40718القانون الإداريaCUbLAW1d2025-12-22l0oLaw1 07 345.452044 م ح . م 1 ed - 2004 0701548 C1pB07-01548r2025-12-22 17:48:00t1w2025-12-22yBK 00102ddc40708القانون الإداريaCUbLAW1d2026-01-04l0oLaw1 07 345.452044 م ح . م 1 ed - 2004 0702002 C2pB07-02002r2026-01-04 00:40:13t2w2026-01-04yBK 00102ddc40708القانون الإداريaCUbLAW2d2026-03-10l0oLaw2 07 345.452044 م ح . م1 ed - 2004 0701549 C3pB07-01549r2026-03-10 10:29:41t3w2026-03-10yBK